Southville International School and Colleges
Your cart is empty.
  • Cart
  • Lists
    Public lists Eva Luna New books Lux_list list_1
    Your lists Log in to create your own lists
  • Log in to your account
  • Your cookies
  • Search history
Southville International School and Colleges
  • Advanced search
  • Recent comments
  • Most popular
  • Libraries

Log in to your account

Log in with GOOGLE


If you do not have an external account, but do have a local account, you can still log in:

  1. Home
  2. MARC view: World regions in global context :
Normal view MARC view ISBD view

World regions in global context : (Record no. 284523)

[ view plain ]
MARC details
000 -LEADER
fixed length control field 01150cam a2200361 i 4500
001 - CONTROL NUMBER
control field SSB063581
003 - CONTROL NUMBER IDENTIFIER
control field PILC
005 - DATE AND TIME OF LATEST TRANSACTION
control field 20160317145424.0
008 - FIXED-LENGTH DATA ELEMENTS--GENERAL INFORMATION
fixed length control field 131203s2014 mauaa b 001 0 eng
010 ## - LIBRARY OF CONGRESS CONTROL NUMBER
LC control number 2013474709
020 ## - INTERNATIONAL STANDARD BOOK NUMBER
International Standard Book Number 9780321866387 (pbk.)
020 ## - INTERNATIONAL STANDARD BOOK NUMBER
International Standard Book Number 9780321821058
020 ## - INTERNATIONAL STANDARD BOOK NUMBER
International Standard Book Number 032182105X
020 ## - INTERNATIONAL STANDARD BOOK NUMBER
International Standard Book Number 9781292039138 (Pearson New International Edition)
020 ## - INTERNATIONAL STANDARD BOOK NUMBER
International Standard Book Number 1292039132 (Pearson New International Edition)
040 ## - CATALOGING SOURCE
Original cataloging agency DLC
Language of cataloging eng
Transcribing agency DLC
Description conventions rda
042 ## - AUTHENTICATION CODE
Authentication code pcc
050 00 - LIBRARY OF CONGRESS CALL NUMBER
Classification number G 116
Item number .W893 2014
245 10 - TITLE STATEMENT
Title World regions in global context :
Remainder of title peoples, places, and environments /
Statement of responsibility, etc Sallie A. Marston [and 4 others].
250 ## - EDITION STATEMENT
Edition statement 5th edition.
260 ## - PUBLICATION, DISTRIBUTION, ETC. (IMPRINT)
Place of publication, distribution, etc England :
Name of publisher, distributor, etc Pearson,
Date of publication, distribution, etc 2014.
300 ## - PHYSICAL DESCRIPTION
Extent ii, 532 pages :
Other physical details chiefly color illustrations ;
Dimensions 28 cm.
500 ## - GENERAL NOTE
General note Includes index.
650 #0 - SUBJECT ADDED ENTRY--TOPICAL TERM
Topical term or geographic name as entry element Geography
Form subdivision Textbooks.
650 #0 - SUBJECT ADDED ENTRY--TOPICAL TERM
Topical term or geographic name as entry element Globalization
Form subdivision Textbooks.
700 1# - ADDED ENTRY--PERSONAL NAME
Personal name Marston, Sallie A.
700 1# - ADDED ENTRY--PERSONAL NAME
Personal name Knox, Paul L.
700 1# - ADDED ENTRY--PERSONAL NAME
Personal name Liverman, Diana M.
700 1# - ADDED ENTRY--PERSONAL NAME
Personal name Del Casino, Vincent J.
700 1# - ADDED ENTRY--PERSONAL NAME
Personal name Robbins, Paul,
Dates associated with a name 1967-
730 0# - ADDED ENTRY--UNIFORM TITLE
Uniform title World regions in global context.
942 ## - ADDED ENTRY ELEMENTS (KOHA)
Source of classification or shelving scheme Library of Congress Classification
Koha item type Books
Call number prefix Foreign
Holdings
Withdrawn status Lost status Source of classification or shelving scheme Damaged status Home library Current library Shelving location Date acquired Source of acquisition Sub Shelving location Total Checkouts Full call number Barcode Date last seen Price effective from Koha item type
    Library of Congress Classification   College Library College Library Reserve Section 05/30/2015 Library Fund     G 116 .W893 2014 C19445 05/15/2018 05/30/2015 Books

World regions in global context :

APA

Marston S. A., Knox P. L., Liverman D. M., Del Casino V. J. & Robbins P. (2014). World regions in global context. England: Pearson.

Chicago

Marston Sallie A, Knox Paul L, Liverman Diana M, Del Casino Vincent J and Robbins Paul. 2014. World regions in global context. England: Pearson.

Harvard

Marston S. A., Knox P. L., Liverman D. M., Del Casino V. J. and Robbins P. (2014). World regions in global context. England: Pearson.

MLA

Marston Sallie A, Knox Paul L, Liverman Diana M, Del Casino Vincent J and Robbins Paul. World regions in global context. England: Pearson. 2014.

  • Place hold
  • Print
  • Cite
  • Add to your cart (remove)
  • Save record
    BIBTEX Dublin Core MARCXML MARC (non-Unicode/MARC-8) MARC (Unicode/UTF-8) MARC (Unicode/UTF-8, Standard) MODS (XML) RIS
  • More searches
    Search for this title in:
    Other Libraries (WorldCat) Other Databases (Google Scholar) Online Stores (Bookfinder.com) Open Library (openlibrary.org)

Exporting to Dublin Core...

SOUTHVILLE LIBRARY

Southville International School and Colleges Library

1281 Tropical Ave. Cor. Luxembourg St., BF Homes International, Las Pinas City

Tel. No. 8256374 / 252358 Loc. 117/146

Powered by Koha